| 000 | 01093nam a2200313 a 4500 | ||
|---|---|---|---|
| 005 | 20180803165422.0 | ||
| 008 | 160211t a gr|||| 00| 0 spa d | ||
| 040 |
_aCO-BoIAVH _cCO-BoIAVH |
||
| 041 | _aspa | ||
| 082 | 0 | 4 |
_a381.41 _bM61c |
| 100 | 1 | _aMicelli, Gabriela | |
| 245 | 1 |
_aComercio sustentable por un consumo responsable y comprometido con el medio ambiente _bcatálogo de productos y servicios Corredor Mesoamericano México, Programa Recursos Biológicos Colectivos |
|
| 260 |
_aMéxico _bComisión Nacional para el Conocimiento y Uso de la Biodivesidad _c2007 |
||
| 300 |
_a102 paginas. _bilustraciones. ; _c22 x 16 cm. |
||
| 650 | 4 | _aAlimentos | |
| 650 | 4 | _aArtesanias | |
| 650 | 4 | _aCafé | |
| 650 | 4 | _aEcoturismo | |
| 650 | 4 | _aFauna silvestre | |
| 650 | 4 | _amadera | |
| 650 | 4 | _amezcal | |
| 650 | 4 | _amiel. | |
| 700 | 1 | _aCastillo, Delfina | |
| 700 | 1 | _aNeyra, Lucila | |
| 700 | 1 | _aAlmeida, Dora | |
| 700 | 1 | _aLeal, Gloria | |
| 942 |
_cLIBRO _2ddc |
||
| 945 | _d2009-07-16 | ||
| 999 |
_c7007 _d7007 |
||